| 000 | 00500nam a2200181Ia 4500 | ||
|---|---|---|---|
| 003 | OSt | ||
| 005 | 20200727133226.0 | ||
| 008 | 190216s9999||||xx |||||||||||||| ||und|| | ||
| 020 | _a9780521795401 | ||
| 040 | _coclc | ||
| 082 |
_a514.2 _bHAT/A |
||
| 100 |
_aHatcher, Allen _93790 |
||
| 245 | 0 |
_aAlgebraic Topology / _cAllen Hatcher |
|
| 260 |
_bCambridge Uty Press, _c2002. _aUK: |
||
| 300 | _a544p | ||
| 650 | _aMathematics | ||
| 942 |
_cBK _2ddc _h514.2 _iHAT/A _k514.2 _mHAT/A |
||
| 999 |
_c31740 _d31740 |
||